| 000 | 00992nam a2200337Ia 4500 | ||
|---|---|---|---|
| 003 | OSt | ||
| 005 | 20220912151408.0 | ||
| 006 | a|||||r|||| 00| 0 | ||
| 007 | ta | ||
| 008 | 220909b |||||||| |||| 00| 0 eng d | ||
| 020 | _a047185767X (Hbd) | ||
| 024 | _a12155 | ||
| 037 | _bATB/62, 29/06/2004, Ashutosh Technical Books | ||
| 037 | _cTextual | ||
| 040 |
_aCSL _beng _cCSL |
||
| 041 | _aeng | ||
| 082 | _aK:3, N1;5 | ||
| 100 | _aProsser C Ladd Ed. | ||
| 245 | 0 | _aComparative animal physiology, neural and integrative animal physiology | |
| 250 | _a4 | ||
| 260 |
_aNew York _b John Wiley & Sons _c1991 |
||
| 300 |
_aix 578p. _ccm. |
||
| 500 | _aIncludes bibliographical references | ||
| 650 | _a Adaptation | ||
| 650 | _a Homeostasis | ||
| 650 | _a Metabolism | ||
| 650 | _a Physiology Comparative | ||
| 650 | _aZoology | ||
| 942 |
_hK:3, N1;5 _cTEXL _2CC |
||
| 999 |
_c67521 _d67521 |
||